| 000 | 01026nam a2200265 i 4500 | ||
|---|---|---|---|
| 003 | EG-ScBUE | ||
| 005 | 20240123121922.0 | ||
| 008 | 110824s1964 xxu f b 000 0 ara d | ||
| 040 |
_aEG-ScBUE _bara _erda _cEG-ScBUE _dEG-ScBUE |
||
| 043 | _af-ua--- | ||
| 082 | 0 | 4 |
_222 _a962.052 _bر ج ب |
| 100 | 1 |
_926880 _aرجب، محمد أحمد، _eمؤلف. |
|
| 245 | 1 | 0 |
_aثورة رائدة / _cالمستشار محمد أحمد رجب. |
| 264 | 1 |
_aالقاهرة : _bالمجلس الأعلى للشئون الإسلامية، _c1964. |
|
| 300 |
_a291 صفحة ؛ _c24 سم. |
||
| 336 |
_2rdacontent _aنص _btxt |
||
| 337 |
_aبدون وسيط _2rdamedia _bn |
||
| 338 |
_aمجلد _bnc _2rdacarrier |
||
| 490 | 0 |
_aلجنة التعريف بالإسلام ؛ _vالكتاب الثالث عشر |
|
| 504 | _aيشتمل على إرجاعات ببليوجرافية. | ||
| 650 | 7 |
_916168 _aمصر _xتاريخ _yالعصر الحديث _yثورة 1952. _2BUEsh |
|
| 653 | _cAugust2011 | ||
| 655 | _vReading book | ||
| 942 |
_2ddc _cBB |
||
| 999 |
_c15905 _d15905 |
||